|
|
|
|
| LEADER |
00000naa2a2200000 4500 |
| 001 |
168505 |
| 005 |
20231031163126.0 |
| 035 |
|
|
|a (RuTPU)RU\TPU\book\182818
|
| 090 |
|
|
|a 168505
|
| 100 |
|
|
|a 20091028d2008 k y0rusy50 ca
|
| 101 |
0 |
|
|a rus
|
| 102 |
|
|
|a RU
|
| 200 |
1 |
|
|a Синтез некоторых алкилсульфенилимидов дифеновой кислоты - потенциальных ингибиторов преждевременной вулканизации
|f А. С. Абрамова
|g науч. рук. Е. П. Фитерер ; науч. рук. В. А. Яновский
|
| 463 |
|
0 |
|0 (RuTPU)RU\TPU\book\176288
|t Химия и химическая технология в XXI веке
|o IX Всероссийская научно-практическая конференция студентов и аспирантов, Томск, 14-16 мая 2008 г.
|o сборник материалов
|f Томский политехнический университет (ТПУ) ; Химия и химическая технология в XXI веке
|v С. 262
|d 2008
|p 338 с.
|
| 610 |
1 |
|
|a дифенова кислота
|
| 610 |
1 |
|
|a алкилсульфенилимиды
|
| 610 |
1 |
|
|a вулканизация
|
| 610 |
1 |
|
|a ингибиторы
|
| 610 |
1 |
|
|a резинотехнические изделия
|
| 610 |
1 |
|
|a каучук
|
| 610 |
1 |
|
|a труды учёных ТПУ
|
| 700 |
|
1 |
|a Абрамова
|b А. С.
|
| 702 |
|
1 |
|a Фитерер
|b Е. П.
|4 727
|
| 702 |
|
1 |
|a Яновский
|b В. А.
|4 727
|
| 801 |
|
1 |
|a RU
|b 63413507
|c 20091028
|
| 942 |
|
|
|c BK
|